Statistics for Hamlet Franchise

Click here to take the quiz!

General Stats

  • This quiz has been taken 15 times
  • The average score is 39 of 88

Answer Stats

TypeYearNameInfo% Correct
Film1969HamletColumbia
100%
Film1917HamletSocietá Italiana Cines
100%
TV Film1974HamletABC
100%
Film1961HamletNWRV
100%
TV Play1959HamletABC
100%
Film1977HamletEssential Productions / Royal College of Art
100%
Film1954HamletHindustan Chitra
100%
Film1990HamletWarner Bros. / Carolco Pictures
100%
Film1996HamletSony
100%
Film1948HamletRank Film Distributors Ltd. / Universal
100%
Film2000HamletBuena Vista Pictures
100%
TV Film2000HamletHallmark Channel
100%
Film2003HamletEdgehill Publishing
100%
Film1921HamletAsta Films
100%
Film1964HamletLenfilm
100%
TV Film2009HamletBBC Two
100%
Film1913HamletGaumont British Distributors
100%
Play1911-1912HamletWilliam Shakespeare
100%
Poem1858HamletFranz Liszt
100%
Opera2017HamletBrett Dean
100%
Opera1868HamletAmbroise Thomas
100%
Film2011HamletBreaking Glass Pictures
100%
Overture1888HamletPyotr Ilyich Tchaikovsky
100%
Short Film1900HamletKleine Optical Company
100%
Short Film1907HamletStar-Film / Georges Méliès
100%
Short Film1908HamletSociété Générale des Cinématographes Éclipse / Film Import and Trading Company
100%
Film1908HamletSocietá Italiana Cines / Film Import and Trading Company
100%
Short Film1910HamletBarker Motion Photography
100%
Film1911HamletNordisk Film Kompagni / Motion Picture Distributors and Sales Company
100%
Video Game2010Hamlet or the Last Game without MMORPG Features, Shaders and Product PlacementDenis Galanin / Big Fish Games / Alawar Entertainment
100%
Short Film1910Hamlet, Prince of DenmarkLux Compagnie Cinématographique de France
100%
Film1935Khoon Ka KhoonMinerva Movietone / Stage Film
100%
Play1964Richard Burton's HamletWilliam Shakespeare
100%
Film2007The Tragedy of Hamlet Prince of DenmarkA Poor Theatre
100%
Play1599-1602The Tragedy of Hamlet, Prince of DenmarkWilliam Shakespeare
100%
Painting1851-1852OpheliaJohn Everett Millais
50%
Film2018OpheliaIFC Films
50%
Film1963OphéliaSebricon Films
50%
Play1966Rosencrantz and Guildenstern Are DeadTom Stoppard
50%
Play1874Rosencrantz and Guildenstern, A Tragic Episode, in Three TabloidsW. S. Gilbert
40%
Play1991FortinbrasLee Blessing
20%
Play2002Gertrude - The CryHoward Barker
20%
Film2008Hamlet 2Focus Features
20%
Film1990Rosencrantz & Guildenstern Are DeadCinecom Pictures / Hobo Film Enterprises
20%
Film1983To Be or Not to Be20th Century Fox
10%
Play2008To Be or Not to BeNick Whitby
10%
Film1942To Be or Not to BeUnited Artists
10%
Novel2013To Be or Not to Be: A Choosable-Path AdventureRyan North
10%
Play197615-Minute HamletTom Stoppard
0%
Film1974Acting Hamlet in the Village of Mrdusa DonjaJadran Film
0%
Opera1865AmletoArrigo Boito
0%
Film1910AmletoSocietá Italiana Cines
0%
Novel2002Dating HamletLisa Fiedler
0%
Opera1987Die HamletmaschineWolfgang Rihm
0%
Play1979Dogg's Hamlet, Cahoot's MacbethTom Stoppard
0%
Novel2000Gertrude and ClaudiusJohn Updike
0%
Film2014HaiderUTV Motion Pictures
0%
Film2014Hamlet A.D.D.Special Entertainment
0%
Essay1919Hamlet and His ProblemsT.S. Eliot
0%
Non-Fiction Book1949Hamlet and OedipusErnest Jones
0%
TV Film1964Hamlet at ElsinoreBBC / NET
0%
Film1987Hamlet Goes BusinessFinnkino
0%
Novel1940Hamlet Had an Uncle: A Comedy of HonorJames Branch Cabell
0%
Novel1937Hamlet, Revenge!Michael Innes
0%
Novel2008Hamlet's FatherOrson Scott Card
0%
Film2016Hemanta????
0%
Film1952I, HamletMacario Film
0%
Play1991I Hate HamletPaul Rudnick
0%
Film1995In the Bleak MidwinterSony
0%
Film1968Johnny HamletInterfilm
0%
Film2012KarmayogiCreative Land Pictures / Innostorm Entertainment Group
0%
Film1999Let the Devil Wear BlackA-Pix Entertainment
0%
Short Film1919Oh'pheliaHepworth Picture Plays
0%
Film1973One Hamlet LessItalnoleggio Cinematografico
0%
Novel2003Ophelia's RevengeRebecca Reisert
0%
Film1994Renaissance ManBuena Vista Pictures
0%
Musical1973Rockabye HamletCliff Jones
0%
Film2009Rosencrantz and Guildenstern Are UndeadIndican
0%
Film2009TardidFadak Film
0%
Film1977The Angel of Vengeance - The Female Hamlet????
0%
Novel1994Theatre of WarJustin Richards
0%
Film1960The Bad Sleep WellToho Studios / Kurosawa Production Co.
0%
Novel2006The Dead Fathers ClubMatt Haig
0%
Film1959The Rest Is SilenceEuropa-Filmverleih AG
0%
Play1981The Skinhead HamletRichard Curtis
0%
Novel2009The Story of Edgar SawtelleDavid Wroblewski
0%
Documentary2012Three Days (of Hamlet)Fenix Pictures / Ytinifni Pictures
0%
Novel1989Too, Too Solid FleshNick O'Donohue
0%

Score Distribution

Percentile by Number Answered

Percent of People with Each Score

Your Score History

You have not taken this quiz